Econometrics of ficial markets (Record no. 1267399)

MARC details
000 -LEADER
fixed length control field 00579nam a2200193Ia 4500
005 - DATE AND TIME OF LATEST TRANSACTION
control field 20250317131250.0
008 - FIXED-LENGTH DATA ELEMENTS--GENERAL INFORMATION
fixed length control field 008 250317s9999 xx 000 0 eng d
020 ## - INTERNATIONAL STANDARD BOOK NUMBER
International Standard Book Number 0-691-04301-9
040 ## - CATALOGING SOURCE
Original cataloging agency FMSL
Language of cataloging eng
Transcribing agency FMSL
041 ## - LANGUAGE CODE
Language code of text/sound track or separate title eng
Source of code eng
084 ## - COLON CLASSIFICATION NUMBER
Classification number X:8DobB N7
Assigning agency FMSL
100 ## - MAIN ENTRY--PERSONAL NAME
Personal name Campbell J Y
9 (RLIN) 735888
245 #0 - TITLE STATEMENT
Title Econometrics of ficial markets
260 ## - PUBLICATION, DISTRIBUTION, ETC.
Place of publication, distribution, etc. New Jersey
Name of publisher, distributor, etc. New Jersey, Preincepton University Press
Date of publication, distribution, etc. 1997
300 ## - PHYSICAL DESCRIPTION
Extent xviii,611
942 ## - ADDED ENTRY ELEMENTS (KOHA)
Koha item type Textbook
Classification part X:8DobB N7

No items available.

Copyright @ Delhi University Library System